Großstädte Spaniens - Statistiken

Allgemein
  • Dieses Quiz wurde 655 mal gespielt
  • Das Durchschnittsergebnis liegt bei 26 aus 63
Antwortstatistiken
Region Einwohner Stadt % Korrekt
Katalonien 1'620 k Barcelona
99%
Madrid 3'223 k Madrid
99%
Valencia 791 k Valencia
98%
Andalusien 689 k Sevilla
94%
Baskenland 346 k Bilbao
87%
Balearische Inseln 410 k Palma
87%
Andalusien 571 k Màlaga
85%
Murcia 447 k Murcia
79%
Baskenland 187 k Donostia-San Sebastián
72%
Aragonien 667 k Saragossa
70%
Kanarische Inseln 379 k Las Palmas de Gran Canaria
67%
Andalusien 232 k Granada
63%
Galicien 245 k A Coruña
61%
Galicien 294 k Vigo
58%
Valencia 332 k Alicante
56%
Andalusien 326 k Córdoba
55%
Kastilien und Léon 125 k Léon
54%
Kastilien und Léon 299 k Valladolid
54%
Andalusien 117 k Cádiz
53%
Katalonien 100 k Girona
53%
Navarra 199 k Pamplona
53%
Asturien 272 k Gijón
48%
Madrid 181 k Getafe
46%
Kantabrien 172 k Santander
46%
Katalonien 132 k Tarragona
43%
Andalusien 197 k Almería
42%
Asturien 220 k Oviedo
41%
Kanarische Inseln 205 k Santa Cruz de Tenerife
41%
Kastilien und Léon 144 k Salamanca
39%
Valencia 231 k Elche
38%
Andalusien 213 k Jerez de la Frontera
38%
Andalusien 144 k Huelva
33%
Andalusien 141 k Marbella
32%
Kastilien und Léon 176 k Burgos
30%
Kastilien-La Mancha 173 k Albacete
28%
Extremadura 151 k Badajoz
28%
Baskenland 249 k Vitoria-Gasteiz
28%
Katalonien 218 k Badalona
27%
Murcia 214 k Cartagena
27%
Katalonien 261 k L'Hospitalet de Llobregat
24%
Madrid 188 k Leganés
23%
Katalonien 138 k Lleida
23%
La Rioja 151 k Logroño
23%
Valencia 171 k Castellón de la Plana
22%
Katalonien 103 k Reus
22%
Katalonien 212 k Sabadell
22%
Katalonien 219 k Terrassa
22%
Andalusien 113 k Jaén
21%
Madrid 194 k Alcalá de Henares
17%
Madrid 170 k Alcorcón
17%
Andalusien 121 k Algeciras
17%
Galicien 106 k Ourense
17%
Andalusien 133 k Dos Hermanas
16%
Kanarische Inseln 102 k Telde
16%
Madrid 116 k Alcobendas
15%
Madrid 194 k Fuenlabrada
15%
Baskenland 100 k Barakaldo
14%
Katalonien 127 k Mataró
14%
Madrid 207 k Móstoles
14%
Kanarische Inseln 156 k San Cristóbal de La Laguna
14%
Madrid 130 k Torrejón de Ardoz
13%
Madrid 128 k Parla
11%
Katalonien 119 k Santa Coloma de Gramanet
11%
Keine übereinstimmenden Quizze gefunden
Verteilung der Resultate
Anzahl Personen mit jedem Resultat
Perzentil nach korrekt beantworteten Fragen
Ihre Resultats-Entwicklung
Sie haben dieses Quiz noch nicht gespielt